Statistics for Who Created These Artworks?

Click here to take the quiz!

General Stats

  • This quiz has been taken 161 times
  • The average score is 9 of 16

Answer Stats

Answer% Correct
Leonardo Da Vinci
99%
Vincent Van Gogh
97%
Claude Monet
81%
Edvard Munch
75%
Rembrandt Van Rijn
73%
Sandro Botticelli
69%
Johannes Vermeer
67%
Auguste Rodin
66%
Michelangelo
62%
Raphael
47%
Diego Velazquez
43%
Frida Kahlo
43%
Hokusai
28%
Francisco De Goya
18%
Gian Lorenzo Bernini
16%
Constantin Brancusi
5%

Score Distribution

Percentile by Number Answered

Percent of People with Each Score

Your Score History

You have not taken this quiz